Personality development and human relation : (Record no. 10151)

MARC details
000 -LEADER
fixed length control field 00853nam a22002537i 4500
003 - CONTROL NUMBER IDENTIFIER
control field URS
005 - DATE AND TIME OF LATEST TRANSACTION
control field 20230613140740.0
008 - FIXED-LENGTH DATA ELEMENTS--GENERAL INFORMATION
fixed length control field 160831b xxu||||| |||| 00| 0 eng d
020 ## - INTERNATIONAL STANDARD BOOK NUMBER
International Standard Book Number 9789710445295
040 ## - CATALOGING SOURCE
Description conventions rda
Transcribing agency URS
Language of cataloging English
050 ## - LIBRARY OF CONGRESS CALL NUMBER
Classification number BF698
Item number .M27 2008
100 ## - MAIN ENTRY--PERSONAL NAME
Personal name Magalona, Ethel.
Relator term author.
245 ## - TITLE STATEMENT
Title Personality development and human relation :
Remainder of title a practical approach /
Statement of responsibility, etc Ethel Magalona, Evelyn Salting-Sadsad.
264 #1 - PUBLICATION, DISTRIBUTION, ETC. (IMPRINT)
Place of publication, distribution, etc Intramuros, Manila :
Name of publisher, distributor, etc Mindshapers Company, Incorporated,
Date of publication, distribution, etc ©2008.
300 ## - PHYSICAL DESCRIPTION
Extent vii, 123 pages ;
Dimensions 23 cm.
336 ## - CONTENT TYPE
Content type term text
Content type code txt
Source rdacontent
337 ## - MEDIA TYPE
Media type term unmediated
Media type code n
Source rdamedia
338 ## - CARRIER TYPE
Carrier type term volume
Carrier type code nc
Source rdacarrier
504 ## - BIBLIOGRAPHY, ETC. NOTE
Bibliography, etc Includes bibliographical references.
650 #0 - SUBJECT ADDED ENTRY--TOPICAL TERM
Topical term or geographic name as entry element Personality.
650 #0 - SUBJECT ADDED ENTRY--TOPICAL TERM
Topical term or geographic name as entry element Personality development.
700 ## - ADDED ENTRY--PERSONAL NAME
Personal name Salting-Sadsad, Evelyn.
Relator term author.
942 ## - ADDED ENTRY ELEMENTS (KOHA)
Source of classification or shelving scheme Library of Congress Classification
Koha item type Filipiniana
Holdings
Withdrawn status Lost status Source of classification or shelving scheme Damaged status Not for loan Collection code Home library Current library Shelving location Date acquired Source of acquisition Cost, normal purchase price Total Checkouts Full call number Barcode Date last seen Copy number Cost, replacement price Koha item type
    Library of Congress Classification     Non-fiction Taytay College Library Taytay College Library Filipiniana Section 08/10/2009 Purchased 318.00   BF698 .M27 2008 URSTAY-2528 06/02/2025 1 318.00 Filipiniana
    Library of Congress Classification     Non-fiction Taytay College Library Taytay College Library Filipiniana Section 08/10/2009 Purchased 318.00   BF698 .M27 2008 URSTAY-2529 06/02/2025 2 318.00 Filipiniana
    Library of Congress Classification     Non-fiction Taytay College Library Taytay College Library Filipiniana Section 08/10/2009 Purchased 318.00   BF698 .M27 2008 URSTAY-2530 06/02/2025 3 318.00 Filipiniana
    Library of Congress Classification     Non-fiction Taytay College Library Taytay College Library Filipiniana Section 08/10/2009 Purchased 318.00   BF698 .M27 2008 URSTAY-2531 06/02/2025 4 318.00 Filipiniana
    Library of Congress Classification     Non-fiction Taytay College Library Taytay College Library Filipiniana Section 08/10/2009 Purchased 318.00   BF698 .M27 2008 URSTAY-2532 06/02/2025 5 318.00 Filipiniana

University of Rizal System
Email us at univlibservices@urs.edu.ph

Visit our Website www.urs.edu.ph/library